000 00554nam a2200193 i 4500
001 135516
003 ES-MaACL
005 20230906194910.0
007 t|
008 070719s1971 sp ||||1| spa d
080 _a820-312.6"19"
100 1 _aTorres, Tereska.
_9110919
245 1 4 _aLos conversos /
_cTereska Torres ; [traducción, Manuel Bartolomé].
250 _a[1ª ed.].
260 _a[Barcelona] :
_bNoguer,
_c[1971]
300 _a259 p. ;
_c23 cm.
700 1 _aBartolomé López, Manuel.
_926171
852 _aES-MaACL
_jC-38381
_bR.77703
999 _c135516
_d135516